Management: Theory and Practice (Record no. 1830)
[ view plain ]
| 000 -LEADER | |
|---|---|
| fixed length control field | 00356nam a22001337a 4500 |
| 008 - FIXED-LENGTH DATA ELEMENTS--GENERAL INFORMATION | |
| fixed length control field | 241217b |||||||| |||| 00| 0 eng d |
| 020 ## - INTERNATIONAL STANDARD BOOK NUMBER | |
| ISBN | 9781751568 |
| 100 ## - MAIN ENTRY--AUTHOR | |
| Author | NWACHUKWU, C. Celestine |
| 245 ## - TITLE STATEMENT | |
| Title | Management: Theory and Practice |
| 260 ## - PUBLICATION, DISTRIBUTION, ETC. (IMPRINT) | |
| Place of publication | Onitsha, Anambra |
| Name of publisher | Africana Feb Publisher |
| Date of publication | 1988 |
| 300 ## - COLLATION | |
| Pagination | xxi, 268 |
| 942 ## - ADDED ENTRY ELEMENTS (KOHA) | |
| Item type | Books |
| 050 ## - LIBRARY OF CONGRESS CALL NUMBER | |
| Classification number | HD30.5 |
| Item number | C43 |
| Source of classification or shelving scheme | Not for loan | Permanent location | Current location | Date acquired | Accession No. | Full call number | Barcode. | Koha item type |
|---|---|---|---|---|---|---|---|---|
| Library of Congress Classification | Samuel Ogbemudia Main Library, University of Abuja | Samuel Ogbemudia Main Library, University of Abuja | 12/17/2024 | 91004184 | HD30.5.C43 | 2024-2821 | Books |